000 01330nam a22001817a 4500
003 OSt
005 20260408010204.0
008 260408b |||||||| |||| 00| 0 eng d
040 _aDWCL GS lib
_cOC
082 _aFic. V531t 2012
100 _aVerne, Jules
245 _aillustrated classics collection:
_btwenty thousand leagues over the sea
_cJules Verne
300 _a128
_bcolored illustrations
_c19cm
520 _aIn the year 1866, the whole maritime population of Europe and America is excited by a mysterious and inexplicable phenomenon. the excitement is caused by an enormous " something" that ships often encounter. It is a a long spindle-shape object, sometimes glowing, much larger and much faster than a whale. Some people call it the terrible "Moby Dick", while others call it the "kraken." 20,000 Leagues Under the Sea by Jules Verne (1870) follows Professor Aronnax, his servant Conseil, and harpooner Ned Land, who are captured by the mysterious Captain Nemo after investigating a rumored sea monster. They travel the world in the advanced submarine, the Nautilus, witnessing wonders, fighting monsters, and exploring sunken ruins, before escaping as Nemo’s sanity collapses.
546 _aEnglish
700 _aJules Verne
942 _2ddc
_cFIC.
_hFic. V531t 2012
_n0
999 _c9330
_d9330